Southville International School and Colleges
Your cart is empty.
  • Cart
  • Lists
    Public lists Eva Luna New books Lux_list list_1
    Your lists Log in to create your own lists
  • Log in to your account
  • Your cookies
  • Search history
Southville International School and Colleges
  • Advanced search
  • Recent comments
  • Most popular
  • Libraries

Log in to your account

Log in with GOOGLE


If you do not have an external account, but do have a local account, you can still log in:

  1. Home
  2. MARC view: Bioethics
Normal view MARC view ISBD view

Bioethics (Record no. 16153)

[ view plain ]
MARC details
000 -LEADER
fixed length control field 00603nam a22002057a 4500
003 - CONTROL NUMBER IDENTIFIER
control field FEu
005 - DATE AND TIME OF LATEST TRANSACTION
control field 20140310182810.0
008 - FIXED-LENGTH DATA ELEMENTS--GENERAL INFORMATION
fixed length control field 130218t xxu||||| |||| 00| 0 eng d
020 ## - INTERNATIONAL STANDARD BOOK NUMBER
International Standard Book Number 978-9-71584971-5
050 ## - LIBRARY OF CONGRESS CALL NUMBER
Classification number QH 332
Item number .B34 2010
082 ## - DEWEY DECIMAL CLASSIFICATION NUMBER
Classification number Fil QH 332
Item number B3 2010
100 ## - MAIN ENTRY--PERSONAL NAME
Personal name Babor, Eddie R.
245 ## - TITLE STATEMENT
Title Bioethics
Remainder of title a philosophical journey and a critical analysis into the life sciences: a guide to healthcare
Statement of responsibility, etc Eddie R. Babor
250 ## - EDITION STATEMENT
Edition statement 2nd ed.
260 ## - PUBLICATION, DISTRIBUTION, ETC. (IMPRINT)
Place of publication, distribution, etc Quezon CIty
Name of publisher, distributor, etc C & E Pub.
Date of publication, distribution, etc 2010
300 ## - PHYSICAL DESCRIPTION
Extent 258 p. :
Dimensions 21.8 cm.
562 ## - COPY AND VERSION IDENTIFICATION NOTE
Number of copies 1
942 ## - ADDED ENTRY ELEMENTS (KOHA)
Source of classification or shelving scheme Library of Congress Classification
Koha item type Books
Call number prefix Foreign
Holdings
Withdrawn status Lost status Source of classification or shelving scheme Damaged status Home library Current library Shelving location Date acquired Total Checkouts Full call number Barcode Date last seen Copy number Price effective from Koha item type
    Library of Congress Classification   College Library College Library General Circulation Section 02/18/2013   QH 332 .B34 2010 C11632 05/15/2018 1 03/10/2014 Books

Bioethics

APA

Babor E. R., . (2010). Bioethics. Quezon CIty: C & E Pub.

Chicago

Babor Eddie R, . 2010. Bioethics. Quezon CIty: C & E Pub.

Harvard

Babor E. R., . (2010). Bioethics. Quezon CIty: C & E Pub.

MLA

Babor Eddie R, . Bioethics. Quezon CIty: C & E Pub. 2010.

  • Place hold
  • Print
  • Cite
  • Add to your cart (remove)
  • Save record
    BIBTEX Dublin Core MARCXML MARC (non-Unicode/MARC-8) MARC (Unicode/UTF-8) MARC (Unicode/UTF-8, Standard) MODS (XML) RIS
  • More searches
    Search for this title in:
    Other Libraries (WorldCat) Other Databases (Google Scholar) Online Stores (Bookfinder.com) Open Library (openlibrary.org)

Exporting to Dublin Core...

SOUTHVILLE LIBRARY

Southville International School and Colleges Library

1281 Tropical Ave. Cor. Luxembourg St., BF Homes International, Las Pinas City

Tel. No. 8256374 / 252358 Loc. 117/146

Powered by Koha